000 00946nam a22002417a 4500
005 20240530110557.0
008 160316s2013 ua g b 000 0 ara d
017 _a2013/1537
_bمصر . دار الكتب المصرية
020 _a9789777220026
040 _aEG-CaGPL
082 0 4 _221
_a339.46\
_bأ إ
100 0 _aاحمد جابر حسنين على
245 1 2 _aالاصلاح الادارى و دوره فى القضاء على الفقر /
_cتاليف احمد جابر حسنين على
250 _aط1
260 _aالقاهرة :
_bالمجموعة العربية للتدريب و النشر ،
_c2013 .
300 _a269 ص ؛
_c24 سم .
504 _aيشتمل على ارجاعات ببليوجرافية
650 0 4 _aالاصلاح الادارى
650 0 4 _aالرقابة الادارية
650 0 4 _aالادارة
_xتقييم
942 _2ddc
_cBK
999 _c62587
_d62587